La libertad civil y el Congreso de Jurisconsultos Aragoneses / (Record no. 176974)

MARC details
000 -LEADER
campo de control de longitud fija 00758nam a2200229 i 4500
001 - NÚMERO DE CONTROL
campo de control 176974
003 - IDENTIFICADOR DE NÚMERO DE CONTROL
campo de control ES-MaACL
005 - FECHA Y HORA DE LA ÚLTIMA TRANSACCIÓN
campo de control 20230906220226.0
008 - DATOS DE LONGITUD FIJA--INFORMACIÓN GENERAL
campo de control de longitud fija 110222s1981 sp |||| | spa d
020 ## - NÚMERO INTERNACIONAL ESTÁNDAR DEL LIBRO
Número Internacional Estándar del Libro 84-85303-56-3
080 ## - NÚMERO DE LA CLASIFICACIÓN DECIMAL UNIVERSAL
Número de la Clasificación Decimal Universal 34(460.22)(063)
100 1# - ENTRADA PRINCIPAL--NOMBRE DE PERSONA
Nombre de persona Costa, Joaquín,
Fechas asociadas al nombre 1846-1911
9 (RLIN) 41054
245 13 - MENCIÓN DEL TÍTULO
Título La libertad civil y el Congreso de Jurisconsultos Aragoneses /
Mención de responsabilidad, etc. Joaquín Costa ; introducción de Jesús Delgado.
260 ## - PUBLICACIÓN, DISTRIBUCIÓN, ETC.
Lugar de publicación, distribución, etc. Zaragoza :
Nombre del editor, distribuidor, etc. Guara,
Fecha de publicación, distribución, etc. 1981.
300 ## - DESCRIPCIÓN FÍSICA
Extensión 542 p. ;
Dimensiones 21 cm.
490 1# - MENCIÓN DE SERIE
Mención de serie Obras de de Joaquín Costa ;
Designación de volumen o secuencia 1
650 #4 - PUNTO DE ACCESO ADICIONAL DE MATERIA--TÉRMINO DE MATERIA
Término de materia o nombre geográfico como elemento de entrada Fueros-
Subdivisión geográfica Aragón.
9 (RLIN) 136142
700 0# - ENTRADA AGREGADA--NOMBRE PERSONAL
Nombre de persona Delgado, Jesús.
9 (RLIN) 43409
830 0# - PUNTO DE ACCESO ADICIONAL DE SERIE-TÍTULO UNIFORME
Título uniforme Obras de Joaquín Costa
Designación de volumen o secuencia 1
9 (RLIN) 190320
852 ## - LOCALIZACIÓN
Ubicación ES-MaACL
Número de control de estantería P-1276(1)
Holdings
Estatus retirado Estado de pérdida Estado de daño No para préstamo Biblioteca de origen Biblioteca actual Ubicación en estantería Fecha de adquisición Fuente de adquisición Total de préstamos Signatura topográfica completa Código de barras Visto por última vez Precio de reemplazo Tipo de ítem Koha
        Biblioteca del Ateneo de Madrid Biblioteca del Ateneo de Madrid Depósito 2 22/02/2011     P-1276(1) 1185875 23/02/2023 23/02/2023 Libro impreso